书目信息 |
| 题名: |
机械设计手册
|
|
| 作者: | 徐灏 编 | |
| 分册: | 2 | |
| 出版信息: | 北京 机械工业出版社 |
|
| 页数: | 22-152页 | |
| 开本: | 16开 | |
| 丛书名: | ||
| 单 册: | ||
| 中图分类: | TH122-62 | |
| 科图分类: | ||
| 主题词: | 机械设计 | |
| 电子资源: | ||
| ISBN: | 7-111-02535-0 | |
| 000 | 00545nam0 2200205 45 | |
| 001 | 0006191695 | |
| 005 | 20080924145019.70 | |
| 010 | @a7-111-02535-0@d118.00元 | |
| 100 | @a20000619d km y0chiy0120 ea | |
| 101 | 0 | @achi |
| 105 | @a z 000yy | |
| 200 | 1 | @a机械设计手册@Aji xie she ji shou ce@h2@f徐灏编@FXuHao Bian |
| 205 | @a2版 | |
| 210 | @a北京@c机械工业出版社 | |
| 215 | @a22-152页@d16开 | |
| 606 | 0 | @a机械设计 |
| 690 | @aTH122-62@v3 | |
| 701 | 0 | @a徐灏@4编 |
| 801 | @aCN@b@c20080924 | |
| 905 | @dTH122-62@eX.138=2:2@b405680-682@f3 | |
| 机械设计手册.2/徐灏编.-2版.-北京:机械工业出版社 |
| 22-152页;16开 |
| ISBN 7-111-02535-0:118.00元 |
| ● |
| 相关链接 |
|
|
|
正题名:机械设计手册
索取号:TH122-62/X.138=2:2
 
预约/预借
| 序号 | 登录号 | 条形码 | 馆藏地/架位号 | 状态 | 备注 |
| 1 | 405680 | 204056804 | 自科二线504/504自科库 13排4列1层/ [索取号:TH122-62/X.138=2:2] | 在馆 | |
| 2 | 405681 | 204056813 | 自科二线504/504自科库 13排4列1层/ [索取号:TH122-62/X.138=2:2] | 在馆 | |
| 3 | 405682 | 204056822 | 自科库501/501自科库 35排1列3层/ [索取号:TH122-62/X.138=2:2] | 在馆 |